Protimonopolná politika diplomová práca

Guardado en:
Detalles Bibliográficos
Autor principal: Hujo, Dominik
Autor Corporativo: Fakulta podnikového manažmentu EU. Katedra podnikovohospodárska
Otros Autores: Strieška, Ľubomír
Formato: Libro
Lenguaje:eslovaco
Publicado: Bratislava 2012
Etiquetas: Agregar Etiqueta
Sin Etiquetas, Sea el primero en etiquetar este registro!

MARC

LEADER 00000nbm a2200000 4500
001 0153982
005 20161109102129.9
041 0 |a slo 
044 |a SK 
245 1 0 |a Protimonopolná politika  |b diplomová práca  |c Dominik Hujo ; školiteľ: Ľubomír Strieška 
264 1 |a Bratislava  |c 2012 
300 |a 76 s. 
100 1 |a Hujo, Dominik 
700 1 |a Strieška, Ľubomír 
710 2 |a Fakulta podnikového manažmentu EU. Katedra podnikovohospodárska